| 000 | 00602nam a2200121Ia 4500 | ||
|---|---|---|---|
| 008 | 220620s9999||||xx |||||||||||||| ||und|| | ||
| 100 | _aHeilig, Christoph | ||
| 245 | 0 |
_aHidden Criticism? _bThe Methodology and Plausibility of the Search for a Counter-Imperial Subtext in Paul |
|
| 546 | _aEnglish[eng] | ||
| 650 | _aTheology & Religion||Roman Empire||Paul's letters | ||
| 856 | _uhttps://library.oapen.org/bitstream/20.500.12657/25122/1/1004970.pdf||https://library.oapen.org/bitstream/20.500.12657/25122/1/1004970.pdf||https://library.oapen.org/bitstream/20.500.12657/25122/1/1004970.pdf | ||
| 942 | _cEB | ||
| 999 |
_c28064 _d28064 |
||